Responses for Show #7164 - Thursday, November 5, 2015

Contestants

[<< previous game]

Ken Hill, a nuclear power plant inspector from Mauldin, South Carolina

Mike Barrett, a cashier and writer from Medford, Massachusetts

Sam Stubblefield, a hospital pediatrician from Wilmington, Delaware (whose 1-day cash winnings total $27,601)

[next game >>]

Jeopardy! Round responses

THE URGE TO MERGE
TIME CAPSULES
TEXTING ACRONYMS
COMPOSERS
2-WORD RHYMING PHRASES
POP CULTURE FROM BARTLETT'S
    $200 20
(Sam: What is Rhode Island?)

Vermont

Sam
Triple Stumper
    $200 1
Nickelodeon

Ken
    $200 30
at your own risk

Mike
    $200 4
Beethoven

Mike
    $200 21
a chick flick

Sam
    $200 3
Jon Stewart

Mike
    $400 16
South Africa

Sam
    $400 9
MIT

Mike
    $400 26
believe it or not

Sam
    $400 5
Vivaldi

Mike
    $400 22
the Dream Team

Ken
    $1,000 2
"They killed Kenny!"

Ken
    $600 17
Mexico

Mike
    $600 10
helium

Sam
    $600 27
long time no see

Sam
    $600 6
(Joseph) Haydn

Mike
    $600 23
stranger danger

Ken
    $600 13
"I see dead people"

Sam
    $800 18
(Ken: What is Poland?)

Belgium

MikeKen
    $800 11
Queens

Triple Stumper
    $800 28
on the other hand

Ken
    $800 7
(Aaron) Copland

Sam
    $800 24
boogie-woogie

Triple Stumper
    $800 14
"Float like a butterfly, sting like a bee"

Mike
    $1000 19
Tanzania

Mike
    $1000 12
[Alex reads "u." as "university".]

Oglethorpe

Mike
    $1000 29
you're on your own

Triple Stumper
    $1000 8
Dvorak

Sam
    $1000 25
May Gray

Triple Stumper
    $1000 15
"Nobody expects the Spanish Inquisition!"

Sam

Scores at the first commercial break (after clue 15):

Sam Mike Ken
$4,000 $3,600 $1,200

Scores at the end of the Jeopardy! Round:

Sam Mike Ken
$5,400 $6,200 $2,200

Double Jeopardy! Round responses

THE PRESIDENTIAL ELECTION
(Alex: How appropriate.)
IT WILL BE OVER IN A YEAR
(Alex: How appropriate.)
THAT'S LUNAR SEA!
"L" OF A CATEGORY
GOTHIC LITERATURE
POP CULTURE FROM BARTLETT SHER
(Alex: The famous director.)
    $400 11
a llama

Ken
    $400 1
volcanic eruptions

Mike
    $400 20
the law

Mike
    $400 2
castle

Mike
    $800 12
(Ronald) Reagan

Sam
    $800 13
Edward VIII (the Duke of Windsor)

Triple Stumper
    $800 7
the Southern

Mike
    $800 21
a lift

Sam
    $3,000 3
(Mike: Who is Bram Stoker?)

Lord Byron

Mike
    $800 24
Matthew Morrison

Triple Stumper
    $1200 15
(Sam: Who was Jackson?)
(Ken: Who was Adams?)

Monroe

SamMikeKen
    $1200 14
Oz

Ken
    $1200 8
waves

Sam
    $1200 22
Luciano

Mike
    $1200 4
(Isak) Dinesen (Karen Blixen)

Mike
    $1200 25
Mark Ruffalo

Mike
    $1600 16
FDR (Franklin Delano Roosevelt)

Ken
    $1600 18
recessions

Sam
    $1600 9
the Jesuits

Sam
    $1600 23
(Alex: Yes, with less than a minute to go.)

lanes

Ken
    $1600 5
The Fall of the House of Usher

Mike
    $1600 26
The Bridges of Madison County

Sam
    $2000 17
Dukakis

Ken
    $2000 19
Joan Didion

Triple Stumper
    $3,400 10
(Sam: Who is Galileo?)

Alexander von Humboldt

Sam
    $2000 28
[The end-of-round signal sounds.]

a leitmotif

Mike
    $2000 6
Frankenstein

Sam
    $2000 27
(Clifford) Odets

Mike

Scores at the end of the Double Jeopardy! Round:

Sam Mike Ken
$10,400 $15,600 $7,800

[wagering suggestions for these scores]

Final Jeopardy! Round responses

ART HISTORY
KenWhat is David
$7,799
SamWaht is David
$10,241
MikeWhat is David?
$5,201
David (Michelangelo's statue)

Final scores:

Sam Mike Ken
$20,641 $20,801 $15,599
2nd place: $2,000 New champion: $20,801 3rd place: $1,000

Game dynamics:

Coryat scores:

Sam Mike Ken
$13,800 $18,600 $7,200
16 R,
3 W
(including 1 DD)
22 R,
1 W
(including 1 DD)
10 R
(including 1 DD),
2 W

Combined Coryat: $39,600

[game clues] [game scores] [suggest correction]

Game tape date: 2015-09-16
The J! Archive is created by fans, for fans. Scraping, republication, monetization, and malicious use prohibited; this site may use cookies and collect identifying information. See terms. The Jeopardy! game show and all elements thereof, including but not limited to copyright and trademark thereto, are the property of Jeopardy Productions, Inc. and are protected under law. This website is not affiliated with, sponsored by, or operated by Jeopardy Productions, Inc. Join the discussion at JBoard.tv.